| 000 | 00593nam a2200205 a 4500 | ||
|---|---|---|---|
| 001 | 72901 | ||
| 003 | BD-RjUL | ||
| 005 | 20211209082325.0 | ||
| 008 | 170524s2000 bg a|||| |||| 001 0 eng d | ||
| 035 | _a(BD-RjUL)73119 | ||
| 040 |
_aBD-RjUL _beng _cBD-RjUL _dBD-RjUL |
||
| 041 | _aeng | ||
| 082 |
_223 _bMOT 2000 _a535 |
||
| 100 | 1 |
_a Mofizuddin, Mohammad _9212418 |
|
| 245 | 1 | 0 |
_aA textbook of optics : _bfor degree students / _cMohammad Mofizuddin |
| 260 |
_aPabna : _bSalgaria, _c1968. |
||
| 300 |
_aviii, 436 p. : _bill. ; _c20 cm. |
||
| 650 |
_aOptics _xTextbooks _9169399 |
||
| 942 |
_2ddc _cBK |
||
| 999 |
_c72901 _d72901 |
||